000 00561nam a22001817a 4500
005 20251108163335.0
008 250721s1997 xx 000 0 ara d
082 1 4 _a209/خزع
100 1 _aالماجدي، خزعل
245 1 0 _aإديان و معتقدات ما قبل التاريخ /
264 1 _aعمان :
_bدار عمار للنشر و التوزيع،
_c1997.
300 _a172ص.
490 0 _aسلسلة التراث الروحي للانسان؛1
650 1 7 _aالديانات
650 1 7 _aالتاريخ
942 _2ddc
_cBK
999 _c219
_d219